Harry Potter and the Philosophers Stone Chapter 6 - Statistics

General Stats
  • This quiz has been taken 259 times
  • The average score is 5 of 10
Answer Stats
Question Answer % Correct
Why were the Dursleys going to London on September 1? Taking Dudley to hospital
83%
Which book had Harry found the name 'Hedwig' in? A History of Magic
71%
Out of the Weasleys, which of them went first? Percy
69%
Harry went through the barrier... Before Ron
60%
Who's old wand did Ron get? Charlie
60%
What does Percy tell his brothers to do? Shut up
51%
What time did Harry wake up on September 1? 5 o'clock
46%
Which of these characters speaks first? Neville
43%
How many Chocolate Frog Cards does Ron estimate he has? 500
37%
Which Weasley is told to go and help Harry by his brother? Fred
26%
No matching quizzes found
Score Distribution
Percent of People with Each Score
Percentile by Number Answered
Your Score History
You have not taken this quiz